| 000 | 00456nam a2200181Ia 4500 | ||
|---|---|---|---|
| 008 | 170705s9999 xx 000 0 und d | ||
| 020 | _a9780746057803 | ||
| 245 | 4 | _aThe story of ships / | |
| 245 | _cJane Bingham ; illustrated by Colin King. | ||
| 260 | _aNew York : | ||
| 260 | _bScholastic, | ||
| 260 | _c2007 | ||
| 300 | _a62 pages : | ||
| 300 | _bcolor illustration ; | ||
| 300 | _c20cm. | ||
| 440 | _aUsborne young reading. | ||
| 500 | _a700 | ||
| 999 |
_c336323 _d336323 |
||